HSK 2 Vocabulary - Statistics

General Stats
  • This quiz has been taken 8 times
  • The average score is 113 of 151
Answer Stats
Hanzi Meaning in English Pinyin % Correct
Tired lei
100%
To wash xi
100%
Confirmation particle ba
86%
Hundred bai
86%
White bai
86%
Comparison particle bi
86%
Do not bie
86%
Long chang
86%
To come out chu
86%
Times ci
86%
From cong
86%
Wrong cuo
86%
大家 Everyone dajia
86%
打篮球 To play basketball dalanqiu
86%
但是 But danshi
86%
To arrive dao
86%
Adverb particle de
86%
弟弟 Younger brother didi
86%
第一 First diyi
86%
Right, OK dui
86%
非常 Very feichang
86%
Tall gao
86%
哥哥 Older brother gege
86%
To give gei
86%
Past experience particle guo
86%
Still, yet hai
86%
孩子 Child haizi
86%
好吃 Delicious haochi
86%
Black hei
86%
Red hong
86%
姐姐 Older sister jiejie
86%
觉得 To think juede
86%
考试 Exam kaoshi
86%
Lesson ke
86%
可能 May, must keneng
86%
可以 To can keyi
86%
Fast kuai
86%
快乐 Happy kuaile
86%
Distance particle li
86%
Two liang
86%
Zero ling
86%
To sell mai
86%
Slow man
86%
Busy mang
86%
Every mei
86%
妹妹 Younger sister meimei
86%
Door men
86%
男人 Man nanren
86%
You nin
86%
女人 Woman nuren
86%
Ticket piao
86%
去年 Last year qunian
86%
Day, sun ri
86%
生日 Birthday shengri
86%
说话 To talk shuohua
86%
所以 So suoyi
86%
It ta
86%
Question, topic ti
86%
Outside wai
86%
为什么 Why weishenme
86%
To ask wen
86%
To smile xiao
86%
New xin
86%
颜色 Color yanse
86%
Medicine, remedy yao
86%
To want yao
86%
Also ye
86%
Cloudy yin
86%
因为 Because yinwei
86%
一起 Together yiqi
86%
意思 Meaning yisi
86%
一下 In a while yixia
86%
Fish yu
86%
早上 Morning zaoshang
86%
To find zhao
86%
Continuous particle zhe
86%
知道 To know zhidao
86%
To walk zou
86%
唱歌 To sing changge
71%
穿 To wear chuan
71%
To wait deng
71%
To understand dong
71%
房间 Room fangjian
71%
服务员 Waiter fuwuyuan
71%
告诉 To tell gaosu
71%
公司 Company gongsi
71%
Expensive gui
71%
Clothing quantifier jian
71%
To enter jin
71%
Near, close jin
71%
At once jiu
71%
咖啡 Coffee kafei
71%
开始 To begin kaishi
71%
Road lu
71%
Thousand qian
71%
起床 To get up qichuang
71%
Fine qing
71%
上班 To go to work shangban
71%
生病 To get sick shengbing
71%
身体 Body shenti
71%
时间 Time shijian
71%
事情 Topic, matter shiqing
71%
手机 Cellphone shouji
71%
跳舞 To dance tiaowu
71%
踢足球 To play football tizuqiu
71%
To play wan
71%
To finish wan
71%
晚上 Night wanshang
71%
问题 Question wenti
71%
小时 Hour xiaoshi
71%
Surname xing
71%
希望 To hope xiwang
71%
Snow xue
71%
右边 Right youbian
71%
游泳 To swim youyong
71%
Far yuan
71%
Again zai
71%
Really zhen
71%
正在 Gerund particle zhengzai
71%
The most zui
71%
左边 Left zuobian
71%
帮助 To help bangzhu
57%
报纸 Newspaper baozhi
57%
鸡蛋 Jidan egg
57%
公共汽车 Bus gonggongqiche
57%
火车站 Train Station huochezhan
57%
机场 Airport jichang
57%
旅游 To travel luyou
57%
面条 Noodle miantiao
57%
牛奶 Milk niunai
57%
旁边 Side pangbian
57%
跑步 To run paobu
57%
便宜 Cheap pianyi
57%
妻子 Wife qizi
57%
To let rang
57%
手表 Watch shoubiao
57%
虽然 Although suiran
57%
To, towards wang
57%
西瓜 Watermelon xigua
57%
休息 To rest xiuxi
57%
眼睛 Eye yanjing
57%
已经 Already yijing
57%
运动 To exercise yundong
57%
准备 To prepare zhunbei
57%
教室 Classroom jiaoshi
43%
介绍 To introduce jieshao
43%
To present song
43%
丈夫 Husband zhangfu
43%
宾馆 Hotel bingguan
29%
羊肉 Mutton yangrou
29%
铅笔 Pencil qianbi
14%
No matching quizzes found
Score Distribution
Percent of People with Each Score
Percentile by Number Answered
Your Score History
You have not taken this quiz